000 00889nam a2200289 i 4500
001 106412
003 ES-MaACL
005 20230906184134.0
007 t|
008 061113s1994 fr ||||1| fre d
020 _a2-07-53256-9
080 _a308-054.73(=411.21)
080 _a327.5(569.4)
080 _a341.215.43(569.4)
100 1 _aSanbar, Elias.
_9102327
245 1 4 _aLes palestiniens dans le siècle /
_cElias Sanbar.
260 _aParis :
_bGallimard,
_c[1994]
300 _a176 p. :
_bil. ;
_c18 cm.
490 1 _aDécouvertes Gallimard ;
_v201
500 _aBiblioteca Jacinto Martínez Lacalle.
650 1 4 _aRefugiados palestinos.
_916736
650 1 4 _aConflicto árabe-israelí.
_911266
650 1 4 _aRepatriación-Israel.
_916849
830 0 _aDécouvertes Gallimard ;
_v201
_9185201
852 _aES-MaACL
_jE-11400
_bR.139120
999 _c106412
_d106412